Tres mujeres en pecado = Máscara /
محفوظ في:
| المؤلف الرئيسي: | |
|---|---|
| مؤلفون آخرون: | , , , , , , |
| التنسيق: | |
| اللغة: | الإنجليزية |
| منشور في: |
México :
Quality Films,
copyright fecha no identificada
|
| الموضوعات: | |
| الوسوم: |
لا توجد وسوم, كن أول من يضع وسما على هذه التسجيلة!
|
MARC
| LEADER | 00000ngm^a2200000^a^4500 | ||
|---|---|---|---|
| 001 | 000187038 | ||
| 005 | 20250521000000.0 | ||
| 009 | 20260310102247.517 | ||
| 037 | |a Acervo ITESO - Biblioteca | ||
| 041 | |a ING | ||
| 082 | |a 810. |b KAN | ||
| 100 | |a Kandel, Linda |e (realización) | ||
| 245 | 1 | 0 | |a Tres mujeres en pecado = |b Máscara / |c Realización de L. Kandel. |
| 264 | 4 | |a EUA : |b Anamorph Films, |c 1999, c1999 | |
| 264 | 1 | |a México : |b Quality Films, |c copyright fecha no identificada | |
| 300 | |a 1 DVD regiones 1 y 4 |c (94 min.) | ||
| 336 | |a imagen móvil bidimensional |b tdi |2 rdacontenido | ||
| 337 | |a video |b v |2 rdamedio | ||
| 338 | |a videodisco |b vd |2 rdasoporte | ||
| 546 | |a En inglés, con subtítulos en español | ||
| 649 | |a XX | ||
| 650 | |a Melodramas | ||
| 650 | |a Dramas Cinematográficos | ||
| 650 | |a Cine Norteamericano - |y 1990-1999 | ||
| 650 | |a Cine Norteamericano - |y Siglo XX | ||
| 650 | |a Cine de Mujeres - |z EUA | ||
| 650 | |a Cine Independiente - |z EUA | ||
| 650 | |a Amistad | ||
| 650 | |a Infidelidad | ||
| 650 | |a Relaciones de Pareja | ||
| 650 | |a Sexualidad | ||
| 650 | |a Comunicación Personal | ||
| 700 | |a Kandel, Linda |e (guión) | ||
| 700 | |a Dagenais, François |e (fotógrafo) | ||
| 700 | |a Abramowitz, Jane Pia |e (montaje) | ||
| 700 | |a Hufsteter, Steven |e (música) | ||
| 700 | |a Skye, Ione |e (actuación) | ||
| 700 | |a Cavazos, Lumi |e (actuación) | ||
| 700 | |a Cadenet, Amanda de |e (actuación) | ||
| 910 | |a Fondo General | ||
| 920 | |a Audiovisuales - DVDs | ||
| 940 | |a Películas | ||
| 905 | |a 302 | ||
| 901 | |a 0500088731 |b IT2 |c DVS |u 20250521 | ||
| 902 | |a https://opac.biblio.iteso.mx/vufind/Record/000187038 | ||